Bernardin de Saint-Pierre, Paul et Virginie /

Bibliographic Details
Main Author: Robinson, Philip, 1940-
Format: Book
Language:English
Published: London : Grant & Cutler, 1986.
Series:Critical guides to French texts ; 51.
Subjects:

MARC

Tag First Indicator Second Indicator Subfields
LEADER 00000cam a2200000 a 4500
001 in00000019261
005 20151007054222.0
008 870304s1986 enkbf 00010 eng d
010 |a gb 87011911  
015 |a GB87-11911 
020 |a 0729302288 (pbk) :  |c £2.85 
020 |a 8459911128 (Spain) 
035 |a (OCoLC)13399923 
035 |9 AAB4355AM 
040 |a UKM  |c UKM  |d ESU  |d TJC  |d m/c  |d TXA  |d UtOrBLW 
049 |a TXAM  |c [A10953008] 
050 1 0 |a PQ2065.P4 
050 4 |a PQ2065.P4  |b R53 1986 
082 0 |a 843/.5  |2 19 
100 1 |a Robinson, Philip,  |d 1940- 
245 1 0 |a Bernardin de Saint-Pierre, Paul et Virginie /  |c Philip Robinson. 
264 1 |a London :  |b Grant & Cutler,  |c 1986. 
300 |a 80 pages, 2 unnumbered folded leaves of plates :  |b 1 map ;  |c 20 cm. 
336 |a text  |b txt  |2 rdacontent 
337 |a unmediated  |b n  |2 rdamedia 
338 |a volume  |b nc  |2 rdacarrier 
490 1 |a Critical guides to French texts ;  |v 51 
504 |a Bibliography: pages 78-80. 
600 1 0 |a Saint-Pierre, Bernardin de,  |d 1737-1814.  |t Paul et Virginie.  |l English. 
830 0 |a Critical guides to French texts ;  |v 51. 
999 |a MARS 
999 f f |s f0ba6a2b-ce56-3949-ac8c-18086a69af92  |i 5ef7b297-0d54-39f6-ac73-2d97fa4114ad  |t 0 
952 f f |p ric  |a Texas A&M University  |b Rellis Campus  |c Joint Library Facility  |d Remote Storage  |t 0  |e PQ2065.P4 R53 1986  |h Library of Congress classification  |i unmediated -- volume  |m A14810953008 
998 f f |a PQ2065.P4 R53 1986  |t 0  |l Remote Storage